| 000 | 01147nam a2200349 a 4500 | ||
|---|---|---|---|
| 001 | 25213 | ||
| 003 | CO-ViMGA | ||
| 005 | 20230915232047.0 | ||
| 006 | bimo0002045857 | ||
| 008 | 141112s2004 ck r 000 u spa d | ||
| 016 | _abimoBNE20050521097 SpMaBN | ||
| 017 | _aM 3330 - 2005 Oficina Depósito Legal Madrid | ||
| 020 | _a9788426374745 | ||
| 035 | _a(OCoLC)433619372 | ||
| 040 |
_aCO-ViMGA _bspa _cCO-ViMGA |
||
| 080 | _a087.5 : 745.54 | ||
| 090 | _aSCHb | ||
| 100 | 1 |
_aSchever, Rikki _938397 |
|
| 245 | 1 | 0 |
_aBrontosaurio / _cRikki Schever, ilustraciones Matt Baay, traducción Celia Turrión Penelas |
| 260 |
_aZaragoza : _bEditorial Luis Vives, _c2010 |
||
| 300 | _a[14] p. il. | ||
| 490 | _aPapiroflexia | ||
| 500 | _aLibro troquelado en espuma | ||
| 594 | _aTít. tomado de la cub. | ||
| 650 | 1 | 4 |
_aDinosaurios - Cuentos infantiles _938398 |
| 700 | 1 |
_aBaay, Matt, il. _938399 |
|
| 926 | _aBNALCALA SG_PETANTI 12/316828 FONDO_MODE 1 | ||
| 927 | _aBNALCALA | ||
| 942 |
_2ddc _cBK |
||
| 956 | _a2 | ||
| 980 | _a017. M 3330 - 2005 020. 84 - 9736 - 443 - 0 852. 40 M - BN BNALCALA MO04717737 12/316828 DG ALCALA | ||
| 999 |
_c32839 _d32839 |
||